000 00888nam a2200241 a 4500
001 000038911
005 20201002031421.0
008 130503s2003 dr a 001 0 spa d
040 _aDO-SdBNP
_bspa
_cBNPHU
082 _a510
_bL462f, 2003
100 1 _aLeclerc J., Luis Rafael
_920563
245 1 0 _aFundamentos de matemática /
_cLuis Rafael Leclerc J.
250 _a3a. ed.
260 _aSanto Domingo :
_bGráficas ITESA,
_c2003.
300 _a413 p. :
_bil. ;
_c22 cm.
500 _aIncluye datos biográficos del autor en la contracubierta.
504 _aBibliografía : p. 410-413.
590 _aInventariado, 2018/BT
650 4 _aMatemáticas
_xProblemas y ejercicios, etc.
_920564
650 4 _aTeoría de conjuntos
_xProblemas y ejercicios, etc.
_920565
650 4 _aTeoría de ecuaciones
_xProblemas y ejercicios, etc.
_920566
910 _aValidado. Control de calidad. EMS
999 _c38401
_d38401